Ανάλυση μεθόδων για την ανάπτυξη πληθυσμιακών δεδομένων σε κάναβο : διπλωματική εργασία
Είναι ενδιαφέρον η παραγωγή χάρτη πληθυσμού σε κάναβο για τη χρησιμοποίηση του σε κοινωνικά, οικονομικά και περιβαλλοντικά προβλήματα. Η προσέγγιση έγινε με χωρική παρεμβολή όπως το kriging και τη μέθοδο επιφανειακής στάθμισης. Αρχικά, θα υπολογισθεί η συσχέτιση ανάμεσα στην εκτίμηση του πληθυσμού τ...
Αποθηκεύτηκε σε:
| Κύριος συγγραφέας: | |
|---|---|
| Συγγραφή απο Οργανισμό/Αρχή: | |
| Άλλοι συγγραφείς: | |
| Μορφή: | Thesis Βιβλίο |
| Γλώσσα: | Greek |
| Δημοσίευση: |
2016.
|
| Θέματα: | |
| Διαθέσιμο Online: | http://hdl.handle.net/11610/18486 |
| Ετικέτες: |
Προσθήκη ετικέτας
Δεν υπάρχουν, Καταχωρήστε ετικέτα πρώτοι!
|
MARC
| LEADER | 00000cam a2200000 a 4500 | ||
|---|---|---|---|
| 001 | 1/112978 | ||
| 008 | 170206s2016####gr | ||| |||| ||gre|| | ||
| 040 | |a GR-MyUa |b gre |c GR-MyUa |e AACR2 | ||
| 041 | 0 | |a gre | |
| 082 | 7 | |a 304.6 |2 (23) | |
| 100 | 1 | |a Μούστος, Πέτρος Π. | |
| 245 | 1 | 0 | |a Ανάλυση μεθόδων για την ανάπτυξη πληθυσμιακών δεδομένων σε κάναβο : |b διπλωματική εργασία / |c Μούστος Π. Πέτρος ; επιβλέπων: Δημήτρης Καβρουδάκης. |
| 260 | |c 2016. | ||
| 300 | |a 42 σ. : |b εικ., πιν. ; |c 29 εκ. | ||
| 502 | # | # | |a Πτυχιακή εργασία – Πανεπιστήμιο Αιγαίου, Λέσβος, 2016. |
| 504 | |a Βιβλιογραφία: σ. 41-42. | ||
| 506 | 1 | |a Ηλεκτρονική διάθεση στο πλήρες κείμενο - περιορισμένης πρόσβασης. |d Ελεύθερη διάθεση μόνο στα μέλη του Πανεπιστημίου Αιγαίου. | |
| 520 | 8 | |a Είναι ενδιαφέρον η παραγωγή χάρτη πληθυσμού σε κάναβο για τη χρησιμοποίηση του σε κοινωνικά, οικονομικά και περιβαλλοντικά προβλήματα. Η προσέγγιση έγινε με χωρική παρεμβολή όπως το kriging και τη μέθοδο επιφανειακής στάθμισης. Αρχικά, θα υπολογισθεί η συσχέτιση ανάμεσα στην εκτίμηση του πληθυσμού της ΕΕΑ και στον ‘γνήσιο’ πληθυσμό για την περιοχή της Ελλάδας, το 2001 (για κάθε μία από τις εξής διοικητικές διαιρέσεις NUTS 2, NUTS 3, LAU 1, LAU 2 ). Στη συνέχεια με τη χρησιμοποίηση της μεθόδου Kriging και της απογραφής του πληθυσμού 13260 οικισμών σε σημεία εξήχθησαν έξι χάρτες για κάθε μοντέλο όπως θα περιγραφούν και παρακάτω. Επιπλέον, πραγματοποιήθηκε η επιφανειακή στάθμιση ως δεύτερος τρόπος με πηγαίες ζώνες τα δημοτικά διαμερίσματα και ζώνες στόχου το Corine Land Cover. Το αποτέλεσμα των δύο αυτών τρόπων είναι χάρτες σε μορφή κανάβου για τη περιοχή της Ελλάδας με 100 μέτρα ανάλυση. Επίσης, υπολογίσθηκε η συσχέτιση μεταξύ του αποτελέσματος της επιφανειακής στάθμισης με τη ‘γνήσια’ απογραφή πληθυσμού. | |
| 520 | 8 | |a It is interesting to generate gridded population density for social, economic and environmental reasons. Our approach for population modelling is a report of spatial interpolation method which is kriging and area weighting method. Firstly, will be a correlation between the estimation of EEA and the original population census for Greece 2001 (NUTS 2, NUTS 3, LAU 1, LAU 2). Subsequently, by using kriging methods and census of 13260 settlements (in points) we produce six gridded maps per model where are described below. Additionally we are using the area weighting method as second approach with source zones the local communes (LAU 2) and target zones the corine land cover. The result of the two methods is gridded population maps of Greece with 100 m resolution. Also, is calculated the correlation between the result of area weighting and original population census. | |
| 540 | |a Κλειδωμένη η δυνατότητα αντιγραφής (copy) από το ηλεκτρονικό κείμενο. | ||
| 650 | 0 | |a Human geography. | |
| 650 | 0 | |a Population density. | |
| 650 | 0 | |a Interpolation. | |
| 650 | 0 | |a Population geography. | |
| 700 | 1 | |a Καβρουδάκης, Δημήτρης, |e dgs [Επιβλέπων καθηγητής] | |
| 710 | 2 | |a Πανεπιστήμιο Αιγαίου. |b Σχολή Κοινωνικών Επιστημών. |b Τμήμα Γεωγραφίας. | |
| 852 | |a INST |b LESVOS |c DIATR |e 20170206 |h 992 |p 005100059394 |q 005100059394 |t DIE |y 23 | ||
| 856 | |u http://hdl.handle.net/11610/18486 | ||
| 924 | |a Μούστος |b Πέτρος Π. |y Λέσβος |z 2016-03 | ||
| 970 | |a Πατσή |b Ανθίππη |z 06-02-2017 | ||